Report Of the Finance Committee On The Concessional Credit Agreement Between The GOG And Exim Bank Of India For An Amount Of One Hundred And Fifty Millions Dollars (US$150,000,000.00) For The Strengthening Of Agricultural Mechanization Service Centres (AMSECs)Project. (Record no. 4546)

MARC details
000 -LEADER
fixed length control field 00728nam a22001697a 4500
003 - CONTROL NUMBER IDENTIFIER
control field OSt
005 - DATE AND TIME OF LATEST TRANSACTION
control field 20240926134238.0
008 - FIXED-LENGTH DATA ELEMENTS--GENERAL INFORMATION
fixed length control field 240926b |||||||| |||| 00| 0 eng d
041 ## - LANGUAGE CODE
Language code of text/sound track or separate title Englsih
082 ## - DEWEY DECIMAL CLASSIFICATION NUMBER
Classification number CR/AMSEC/18 Acc.no. 9985
110 ## - MAIN ENTRY--CORPORATE NAME
Corporate name or jurisdiction name as entry element Parliament Of Ghana
245 ## - TITLE STATEMENT
Title Report Of the Finance Committee On The Concessional Credit Agreement Between The GOG And Exim Bank Of India For An Amount Of One Hundred And Fifty Millions Dollars (US$150,000,000.00) For The Strengthening Of Agricultural Mechanization Service Centres (AMSECs)Project.
260 ## - PUBLICATION, DISTRIBUTION, ETC.
Place of publication, distribution, etc. Accra
Name of publisher, distributor, etc. Parliament Of Ghana
Date of publication, distribution, etc. 10th July, 2018
300 ## - PHYSICAL DESCRIPTION
Extent 7p., tabs.;
650 ## - SUBJECT ADDED ENTRY--TOPICAL TERM
Source of heading or term gricultural Mechanization Service Centres (AMSECs)Project.
942 ## - ADDED ENTRY ELEMENTS (KOHA)
Source of classification or shelving scheme Dewey Decimal Classification
Koha item type Reports
Suppress in OPAC No
Holdings
Withdrawn status Lost status Source of classification or shelving scheme Damaged status Not for loan Home library Current library Shelving location Date acquired Total checkouts Full call number Date last seen Copy number Price effective from Koha item type
    Dewey Decimal Classification     Main Library Main Library Open Shelves 26/09/2024   CR/AMSEC/18 Acc.no. 9985 C1 26/09/2024 1 26/09/2024 Reports
    Dewey Decimal Classification     Main Library Main Library Open Shelves 26/09/2024   CR/AMSEC/18 Acc.no. 9986 C2 26/09/2024 2 26/09/2024 Reports
©2026  Parliament of Ghana Library - All rights reserved